| 000 | 00531cam a22002051 4500 | ||
|---|---|---|---|
| 001 | af 48001529 | ||
| 003 | DLC | ||
| 005 | 20260227110850.0 | ||
| 008 | 890320s1943 gw 000 1 ger c | ||
| 010 | _aaf 48001529 | ||
| 035 | _a(OCoLC)19402788 | ||
| 040 |
_aYale Univ. Library _cCU _dDLC |
||
| 042 | _apremarc | ||
| 050 | 0 | 0 |
_aPT2601.N37 _bL5 1943 |
| 082 | _a833.91 | ||
| 100 | 1 |
_aAndreas, Fred, _d1898- |
|
| 245 | 1 | 0 |
_aLiebe kann lügen; _bNovelle. |
| 260 |
_aHamburg, _bHammerich & Lesser _c[1943] |
||
| 300 |
_a159 p. _c19 cm. |
||
| 999 |
_c4581 _d4581 |
||